Statistics for Juventus Players Quiz

Click here to take the quiz!

General Stats

  • This quiz has been taken 740 times
    (47 since last reset)
  • The average score is 17 of 25

Answer Stats

#NationPlayer% Correct
6BrazilDanilo
93%
12BrazilAlex Sandro
90%
3BrazilBremer
90%
9SerbiaDušan Vlahović
90%
25FranceAdrien Rabiot
88%
14PolandArkadiusz Milik
86%
1PolandWojciech Szczęsny
86%
16United StatesWeston McKennie
83%
11SerbiaFilip Kostić
81%
7ItalyFederico Chiesa
79%
22United StatesTimothy Weah
76%
20ItalyFabio Miretti
71%
15TurkeyKenan Yıldız
71%
17United Kingdom (England)Samuel Iling-Junior
67%
24ItalyDaniele Rugani
64%
5ItalyManuel Locatelli
62%
4ItalyFederico Gatti
60%
18ItalyMoise Kean
60%
36ItalyMattia Perin
57%
27ItalyAndrea Cambiaso
55%
2ItalyMattia De Sciglio
52%
26ArgentinaCarlos Alcaraz
45%
23ItalyCarlo Pinsoglio
36%
33PortugalTiago Djaló
36%
41ItalyHans Nicolussi Caviglia
33%

Score Distribution

Percentile by Number Answered

Percent of People with Each Score

Your Score History

You have not taken this quiz since the last reset